000 00325 a2200145 4500
001 151790
040 _cEscola São Tomás de Aquino
100 _aQUEIROZ, Rachel de
240 1 0 _aCenas brasileiras
_lpor
245 1 0 _aCenas brasileiras
300 _a127
362 0 _a2010
697 _a*LITERATURA JUVENIL
942 _cBK
999 _c151790
_d151790